| 000 | 01004nam a2200277 i 4500 | ||
|---|---|---|---|
| 001 | 13581 | ||
| 003 | ES-MaACL | ||
| 005 | 20250728030701.0 | ||
| 007 | t| | ||
| 008 | 980520s1991 sp a |||| | spa d | ||
| 020 | _a84-86314-70-4 | ||
| 080 | _a725.182(460.315)(063) | ||
| 080 | _a728.81(460.315)(063) | ||
| 245 | 0 | 0 |
_aFortificaciones y castillos de Alicante / _cRafael Azuar (comp.). |
| 260 |
_aAlicante : _bCaja de Ahorros Provincial, _c1991. |
||
| 300 |
_a264 p. : _bil. ; _c22 cm. |
||
| 490 | 1 |
_aPublicaciones de la Caja de Ahorros Provincial ; _v157 |
|
| 500 | _aEdición no venal. | ||
| 504 | _aBibliografía : p. 237-264. | ||
| 650 | 1 | 4 |
_aFortificaciones- _zAlicante (Provincia)- _vCongresos y asambleas. _912933 |
| 650 | 1 | 4 |
_aCastillos- _zAlicante (Provincia)- _vCongresos y asambleas. _910823 |
| 700 | 1 |
_aAzuar, Rafael. _924371 |
|
| 830 | 0 | 0 |
_aPublicaciones de la Caja de Ahorros Provincial de Alicante _v157 _9186986 |
| 852 |
_aES-MaACL _jL-20911 |
||
| 999 |
_c13581 _d13581 |
||